Statistiques concernant Les plus grands empires de tous les temps

Cliquez ici pour prendre le quiz!

Statistiques générales

  • Ce quiz a été pris 301 fois
    (281 depuis la dernière actualisation)
  • Le résultat moyen est 5 sur 10

Statistiques - réponses

HintRéponse% Correct
33 000 000 km2Mongol
88%
5 000 000 km2Romain
75%
33 670 000 km2Britannique
59%
5 200 000 km2Ottoman
59%
22 800 000 km2Russe
59%
19 400 000 km2Espagnol
58%
8 500 000 km2Achéminide
47%
10 400 000 km2Portugais
45%
15 000 000 km2Ommeyyades
25%
1 000 000 km2Égypte
9%

Distribution des résultats

Percentile par nombre de réponses

% des personnes avec chaque résultat

Votre développement - résultats

Vous n’avez pas pris ce quiz depuis la dernière actualisation